000 00686nam a2200217 i 4500
001 bg
245 0 0 _aNowa encyklopedia powszechna PWN /
_c[red. prowadzący Dariusz Kalisiewicz.
_nT. 2],
_pD-H.
260 _aWarszawa :
_bWydaw. Naukowe PWN,
_c1995.
300 _a830, [2] s. :
_bil. (gł. kolor.), faks., fot., mapy, nuty, portr., rys., wykr. ;
_c31 cm.
650 9 _aEncyklopedia
700 1 _aKALISIEWICZ, Dariusz.
_eRed.
020 _a8301119659 (t. 2)
020 _a830111097X (6 t.)
040 _cBPK
041 0 _apol
080 _a0/9(03)
920 _a83-01-11965-9 (t. 2)
920 _a83-01-11097-X (6 t.)
942 _cKS
008 s pl f |000 0 pol
999 _c30971
_d30971
856 _uhttp://koha.tu.koszalin.pl/cgi-bin/koha/opac-detail.pl?biblionumber=30971
_yKatalog online BPK